| 000 | 01123nam a22003017a 4500 | ||
|---|---|---|---|
| 005 | 20220329141302.0 | ||
| 008 | 971010s1986 r 00010 d | ||
| 010 | _a65781 | ||
| 011 | _a66753 | ||
| 035 | _a75708 | ||
| 090 | _aTesis | ||
| 100 | 0 | 0 |
_aInzunza Ibarra, Marco Antonio. _960262 |
| 245 | _aRespuesta del maíz (Zea Mays L.) a variaciones del régimen de humedad en el suelo en tres etapas de su desarrollo | ||
| 260 |
_aChapingo, Méx. : _bEl autor, _c1986 |
||
| 300 |
_a180 h. _b: láms. ; gráfs. |
||
| 502 | _aTesis (M.C. Esp. en Hidrociencias).-- C.P. Centro de Hidrociencias1992-467 | ||
| 590 |
_aALEPH _b10 _c20130110 _lUCH01 _h1358 |
||
| 590 |
_aBATCH-UPD _b10 _c20130110 _lUCH01 _h0550 |
||
| 590 |
_aBATCH-UPD _b10 _c20130410 _lUCH01 _h0232 |
||
| 590 |
_aBATCH-UPD _b10 _c20130914 _lUCH01 _h1654 |
||
| 590 |
_aCONVERSION _b10 _c20130109 _lUCH01 _h1336 |
||
| 650 | 1 | 4 |
_aMaíz _xEfecto del medio ambiente. _970935 |
| 650 | 1 | 4 |
_aMaíz _xModelos matemáticos. _971020 |
| 650 | 1 | 4 |
_aMaíz _xRendimiento. _971051 |
| 650 | 1 | 4 |
_aSuelos _xHumedad. _9110391 |
| 901 | _aBK | ||
| 949 |
_bZA _cTESBD _d-8661 _eTS1 _h308 _i75708 _si |
||
| 999 |
_c65781 _d65781 |
||